00370nam a2200145Ia 4500003000500000008004100005020001800046040001900064082000700083100002000090245006200110260003200172300000800204546001200212STCL181203s9999 xx 000 0 und d a9780099429784 aSTCLbENcSTCL 222 aMorris, Desmond 0aPeople Watching the Desmond Morris Guide to Body Language bVintage BooksaLondonc2002 a526 aEnglish